| 000 | 01324nam a22003857a 4500 | ||
|---|---|---|---|
| 003 | CHAP | ||
| 005 | 20250903062746.0 | ||
| 008 | 971010s1984 r 00010 d | ||
| 010 | _a63785 | ||
| 011 | _a64757 | ||
| 035 | _a70871 | ||
| 040 | _cCHAP | ||
| 090 | _aTesis | ||
| 100 | 0 | 0 |
_aArreortua Méndez, Adrián Pedro. _97463 |
| 245 | 1 | _aUtilización de cama de pollo en dietas para ovinos | |
| 260 |
_aChapingo, Méx. : _bEl autor, _c1984 |
||
| 300 | _a49 h. | ||
| 502 | _aTesis (Ing. Agrónomo Esp. en Zootecnia) -- UACH. Departamento de Zootecnia | ||
| 590 |
_aALEPH _b10 _c20130110 _lUCH01 _h1346 |
||
| 590 |
_aBATCH-UPD _b10 _c20130109 _lUCH01 _h2353 |
||
| 590 |
_aBATCH-UPD _b10 _c20130110 _lUCH01 _h1216 |
||
| 590 |
_aBATCH-UPD _b10 _c20130409 _lUCH01 _h1925 |
||
| 590 |
_aBATCH-UPD _b10 _c20130410 _lUCH01 _h0753 |
||
| 590 |
_aBATCH-UPD _b10 _c20130914 _lUCH01 _h0401 |
||
| 590 |
_aCONVERSION _b10 _c20130109 _lUCH01 _h1334 |
||
| 650 | 1 | 4 |
_aCaña de azúcar como forraje. _918673 |
| 650 | 1 | 7 |
_aForrajes _xDigestibilidad _2 _942568 |
| 650 | 1 | 4 |
_aForrajes _xValor nutritivo. _942601 |
| 650 | 1 | 4 |
_aGanado lanar _xAlimentación. _945153 |
| 901 | _aBK | ||
| 942 | _cFOLL | ||
| 949 |
_bBC _cTES _d-63151 _eTS1 _i70871 _si |
||
| 949 |
_bBC _cTES _d-63152 _eTS2 _fc.2 _i70871 _si |
||
| 949 |
_bBC _cTES _d-63153 _eTS2 _fc.3 _h23306 _i70871 _si |
||
| 999 |
_c63785 _d63785 |
||